000 00450nam a2200169Ia 4500
008 230524s9999 xx 000 0 und d
020 _a9788131764060
082 _bMOY
100 _aChristopher M.Moyer
_942883
245 0 _a"Building Applications In The Cloud:Concepts,Patterns,and Projects"
250 _a1
260 _aNew Delhi
_bCengage
_c2012
300 _a"XIII,307p;"
500 _aQuantity Number: 1
650 _aCivil
942 _cBK
999 _c57855
_d57855